Employee training and development / (Record no. 17442)
[ view plain ]
| 000 -LEADER | |
|---|---|
| fixed length control field | 00427cam a2200157 a 4500 |
| 040 ## - CATALOGING SOURCE | |
| Transcribing agency | DLC |
| 082 ## - DEWEY DECIMAL CLASSIFICATION NUMBER | |
| Classification number | 658 MCG 2013 A114 Or. |
| 100 1# - MAIN ENTRY--AUTHOR NAME | |
| Personal name | Noe, Raymond A |
| 245 10 - TITLE STATEMENT | |
| Title | Employee training and development / |
| 250 ## - EDITION STATEMENT | |
| Edition statement | 6th ed |
| 260 ## - PUBLICATION, DISTRIBUTION, ETC. (IMPRINT) | |
| Place of publication | New York : |
| Name of publisher | McGraw-Hill/Irwin, |
| Year of publication | c2013 |
| 300 ## - PHYSICAL DESCRIPTION | |
| Number of Pages | xviii, 524 p. : |
| Other physical details | ill. ; |
| Dimensions | 24 cm |
| 500 ## - GENERAL NOTE | |
| General note | Includes bibliographical references and index |
| 650 #0 - SUBJECT ADDED ENTRY--TOPICAL TERM | |
| Topical Term | Employees |
| 942 ## - ADDED ENTRY ELEMENTS (KOHA) | |
| Koha item type | សៀវភៅភាសាអង់គ្លេស |
| 952 ## - LOCATION AND ITEM INFORMATION (KOHA) | |
| Withdrawn status [LOCAL, KOHA] | 0 |
| Permanent Location | Date acquired | Koha item type | Lost status | Shelving location | Barcode | Current Location | Full call number |
|---|---|---|---|---|---|---|---|
| Library Block A | 2018-11-27 | សៀវភៅភាសាអង់គ្លេស | A114 | A38181 | Library Block A | 658 MCG 2013 A114 Or. |